Film indipendenti con maggiori incassi nella storia del cinema - Statistics

Statistiche generali
  • Questo quiz è stato fatto 7 volte
  • Il punteggio medio è 3 su 12
Statistiche sulle risposte
Incasso ($) Anno di uscita del film Film % Corretto
611 486 736 2004 La Passione di Cristo
80%
262 857 186 2019 Parasite
60%
356 258 047 1999 American Beauty
20%
261 249 383 1997 Full Monty - Squattrinati organizzati
20%
329 398 046 2010 Il cigno nero
20%
423 999 102 2010 Il discorso del re
20%
368 744 044 2002 Il mio grosso grasso matrimonio greco
20%
275 726 716 1991 Il silenzio degli innocenti
20%
328 125 643 1995 Se7en
20%
378 410 113 2008 The Millionaire
20%
424 208 805 1990 Balli coi lupi
0%
484 630 908 2010 Quasi amici - Intouchables
0%
Nessun quiz corrispondente trovato
Distribuzione punteggi
Percentuale di utenti per punteggio
Percentile per numero di risposta
I tuoi punteggi nel tempo
Non hai fatto questo quiz